The age of Louis XIV : (Record no. 156695)
[ view plain ]
| 000 -LEADER | |
|---|---|
| fixed length control field | 00979cam9a220024100 4500 |
| 001 - CONTROL NUMBER | |
| control field | qce00857646 |
| 005 - DATE AND TIME OF LATEST TRANSACTION | |
| control field | 20190826083947.0 |
| 008 - FIXED-LENGTH DATA ELEMENTS--GENERAL INFORMATION | |
| fixed length control field | 740307s1963 nyu 000 0 eng u |
| 010 ## - LIBRARY OF CONGRESS CONTROL NUMBER | |
| LC control number | 35010016 |
| 035 ## - SYSTEM CONTROL NUMBER | |
| System control number | (Sirsi) r101988 |
| 035 ## - SYSTEM CONTROL NUMBER | |
| System control number | (QCAT)lss00540834 |
| 035 ## - SYSTEM CONTROL NUMBER | |
| System control number | (UPRA)qce00857646 |
| 040 ## - CATALOGING SOURCE | |
| Modifying agency | UPRA |
| 050 #0 - LIBRARY OF CONGRESS CALL NUMBER | |
| Classification number | D 273.A3 Dur |
| 100 1# - MAIN ENTRY--PERSONAL NAME | |
| Personal name | Durant, Will, 1885- |
| Dates associated with a name | Durant, Will, 1885- |
| Linkage | A59881.1 |
| 245 14 - TITLE STATEMENT | |
| Title | The age of Louis XIV : |
| Remainder of title | a history of European civilization in the period of Pascal, Moliere, Cromwell, Milton, Peter the Great, Newton, and Spinoza : 1648-1715. |
| 260 ## - PUBLICATION, DISTRIBUTION, ETC. | |
| Place of publication, distribution, etc. | New York : |
| Name of publisher, distributor, etc. | Simon and Schuster, |
| Date of publication, distribution, etc. | [c1963] |
| 490 0# - SERIES STATEMENT | |
| Series statement | His The Story of civilization. 8 |
| Linkage | S492.1 |
| 504 ## - BIBLIOGRAPHY, ETC. NOTE | |
| Bibliography, etc. note | Includes bibliographical references. |
| 651 #0 - SUBJECT ADDED ENTRY--GEOGRAPHIC NAME | |
| Geographic name | Europe -- History -- 1648-1789. |
| General subdivision | Europe -- History -- 1648-1789. |
| Chronological subdivision | Europe -- History -- 1648-1789. |
| Linkage | S29958.1 |
| 949 ## - LOCAL PROCESSING INFORMATION (OCLC) | |
| a | D 273.A3 Dur |
| w | lcc |
| c | 1 |
| i | 33729000057583 |
| m | MAIN |
| p | 2500 |
| t | BOOK |
| l | ON-SHELF |
No items available.